| 000 | 00801nam a2200265Ia 4500 | ||
|---|---|---|---|
| 001 | dia_4151 | ||
| 003 | CHAP | ||
| 005 | 20230119180931.0 | ||
| 007 | ta | ||
| 008 | 220117sS.A. mx f 000 0 spa d | ||
| 010 | _a174781 | ||
| 040 |
_cCHAP _amxchpua |
||
| 090 | _aFOLLETO 2494 | ||
| 110 | 1 |
_976890 _aMéxico. Coordinación General de Abasto y Distribución |
|
| 245 | 1 | 0 |
_aSistema producto plátano para el Distrito Federal / _cCoordinación general de abasto y distribución |
| 260 |
_aMéxico : _bEl autor, _cS.A. |
||
| 300 | _a53 hojas | ||
| 440 |
_9186119 _aSerie temática temas producto _n2 |
||
| 500 | _aS/c | ||
| 650 | 1 | 3 |
_aPlátano _989202 |
| 901 | _aFOLLETO 2494 | ||
| 902 | _aM | ||
| 905 | _a000000S.A. mx 0000000000spa00 | ||
| 942 |
_cFOLL _2local |
||
| 999 |
_c174781 _d174781 |
||